00351nam a2200157Ia 45000010006000000050017000060080041000230410008000640820015000721000024000872450029001112600009001403000028001496500008001776540008001851381120260306164828.0260306t2012||||xx |||||||||||||| ||spa|| aESP a005.3bM95 aMunshi, AaftabeAUT 0aOpenCL programming guide c2012 axliv, 603 páginas :c aGEN aCCC